| 000 | 00939nam a22002177a 4500 | ||
|---|---|---|---|
| 999 |
_c1676 _d1676 |
||
| 003 | AR-CdUCM | ||
| 008 | 190227b ||||| |||| 00| 0 spa d | ||
| 040 |
_aMUNICIPALIDAD PROVINCIAL DEL CUSCO _cBIBLIOTECA MUNICIPAL DEL CUSCO |
||
| 082 |
_a985.6 / _bG22 |
||
| 100 |
_aGarcía Q., Esteban _96219 |
||
| 245 |
_aOropesa : _bMarquesado de Velleumbroso y capital nacional del pan / |
||
| 260 |
_a[Cusco] : _bEsteban García Q. |
||
| 300 |
_a104 páginas ; _c20 cm. _bIlustraciones, fotografías. |
||
| 505 | _aLa fundación de la villa de Oropesa -- La primera siembra del trigo traído de España en la villa de Oropesa -- El marquesado de Oropesa -- La distritalización de Oropesa -- Tradiciones y costumbres ... | ||
| 650 |
_aHistoria - Oropesa _96220 |
||
| 650 |
_aOropesa - Cusco _96221 |
||
| 650 |
_aMarquesado de Valleumbroso _96222 |
||
| 650 |
_aTradiciones - Costumbres _96223 |
||
| 942 |
_2ddc _cLIBROS |
||
| 945 |
_alccs _d2019-02-27 |
||